| 000 | 00556nam a2200193 a 4500 | ||
|---|---|---|---|
| 005 | 20140311163025.0 | ||
| 008 | 080130s19uu xx 00 eng d | ||
| 020 | _a0749444797 | ||
| 050 |
_aHD 69.P75 _b.M365 2006 |
||
| 100 | _aMartin, Vivien | ||
| 245 |
_aManaging projects in human resources, training and development / _cVivien Martin |
||
| 260 |
_aLondon : _bKogan, _c2006. |
||
| 300 |
_a216 p. : _bill. ; _c24 cm. |
||
| 521 | _aBSBA | ||
| 650 | _aProject management. | ||
| 650 | _aPersonnel management. | ||
| 942 |
_cBK _2lcc _kFOR |
||
| 999 |
_c39519 _d39519 |
||